Fotografia : Technológia pre 1.,2.a 3.ročník odborných učilíšť a učňovských škôl, učebný obor fotograf, fotografka 64-52-2 /

Na minha lista:
Detalhes bibliográficos
Autor principal: Absolon, Ľudovít (Author)
Formato: Livro
Idioma:eslovaco
Publicado em: Bratislava : Slovenské pedagogické nakladateľstvo, 1980
Assuntos:
Tags: Adicionar Tag
Sem tags, seja o primeiro a adicionar uma tag!

MARC

LEADER 00000nam a22000003a 4500
001 stu34149
005 20150617225731.1
008 920306s1980----cs------------------slo-d
040 |a STU  |b slo 
041 0 |a slo 
044 |a cs 
080 |a 77(075.3) 
100 1 |a Absolon, Ľudovít  |4 aut 
245 1 |a Fotografia :  |b Technológia pre 1.,2.a 3.ročník odborných učilíšť a učňovských škôl, učebný obor fotograf, fotografka 64-52-2 /  |c [aut.]Ľudovít Absolon 
260 |a Bratislava :  |b Slovenské pedagogické nakladateľstvo,  |c 1980 
300 |a 482 s 
650 7 |a Fotografia  |2 stusub 
650 7 |a učeb.SŠ  |2 stusub 
996 |b 284M019524  |c M*1555/1-1  |l MMKN  |s A  |a 24  |w stu34149_0001